Sous-Préfectures françaises les moins peuplées - Statistiques

Statistiques générales
  • Ce quiz a été pris 227 fois
  • Le résultat moyen est 12 sur 20
Statistiques - réponses
Département Population (en milliers) Sous-préfecture % Correct
Corse-du-Sud 3,403 Sartène
74%
Lozère 2,130 Florac-Trois-Rivières
73%
Creuse 3,679 Aubusson
72%
Alpes-de-Haute-Provence 2,706 Barcelonnette
68%
Ardèche 1,757 Largentière
67%
Ain 3,524 Nantua
67%
Alpes-de-Haute-Provence 1,549 Castellane
65%
Hautes-Pyrénées 3,048 Argelès-Gazost
64%
Charente-Maritime 3,465 Jonzac
62%
Nièvre 2,086 Château-Chinon
61%
Charente 2,637 Confolens
61%
Gard 3,920 Le Vigan
61%
Dordogne 3,196 Nontron
61%
Cantal 3,718 Mauriac
59%
Nièvre 3,993 Clamecy
58%
Gers 3,572 Mirande
56%
Haute-Vienne 3,807 Rochechouart
56%
Aisne 2,507 Vervins
56%
Pas-de-Calais 2,148 Montreuil-sur-Mer
55%
Saône-et-Loire 2,757 Charolles
53%
Aucun quiz correspondant
Distribution des résultats
% des personnes avec chaque résultat
Percentile par nombre de réponses
Votre historique - résultats
Vous n’avez pas pris ce quiz